• 首页
  • 本馆介绍
  • 公告通知
  • 最新文献
  • 馆藏检索
  • 电子资源
  • 读者导购
  • 参考咨询
  • 我的图书馆
  • 登录
  • 详细信息显示
  • 放入我的书架
  • 预约/预借图书
  • 作者相关作品
  • 分类相关作品
  • 丛书相关作品
  • 出版社相关作品

书目信息

  • 表格格式
  • 工作单格式
  • 卡片格式
题名:
前端聚合
    
 
作者: 陈苏 著
分册:  
出版信息: 北京   化学工业出版社  2013.11
页数: 140页
开本: 24cm
丛书名:
单 册:
中图分类: TQ31
科图分类:
主题词: 聚合物--化学工业 , 聚合物 , 化学工业
电子资源:
ISBN: 978-7-122-18163-3
000 01047nam0 2200277 450
001 0120131145821
005 20140610085834.53
010    @a978-7-122-18163-3@dCNY39.00
100    @a20131029d2013 em y0chiy50 ea
101 0  @achi
102    @aCN@b110000
105    @aa z 000yy
106    @ar
200 1  @a前端聚合@9qian duan ju he@dFrontal polymerization@f陈苏著@zeng
210    @a北京@c化学工业出版社@d2013.11
215    @a140页@c图@d24cm
330    @a本书对前端聚合法进行了全面的介绍,并重点介绍了通过前端聚合法制备的诸多新型的多功能聚合物基杂化材料。包括前端聚合的定义、发生的基本条件、判据、影响因素和不稳定性,5种典型的前端聚合反应,前端聚合体系中常用的单体,前端聚合法制备的聚合物基杂化材料等。
333    @a本书适合从事高分子材料开发和生产的工程技术人员,以及相关专业的师生参考阅读
510 1  @aFrontal polymerization@zeng
606 0  @a聚合物@x化学工业
606 0  @a聚合物
606 0  @a化学工业
690    @aTQ31@v5
701  0 @a陈苏@9chen su@4著
801  0 @aCN@b人天书店@c20131029
905    @b846902-04@dTQ31@e10@f3
    
    前端聚合=Frontal polymerization/陈苏著.-北京:化学工业出版社,2013.11
    140页:图;24cm
    使用对象:本书适合从事高分子材料开发和生产的工程技术人员,以及相关专业的师生参考阅读
    
    ISBN 978-7-122-18163-3:CNY39.00
    本书对前端聚合法进行了全面的介绍,并重点介绍了通过前端聚合法制备的诸多新型的多功能聚合物基杂化材料。包括前端聚合的定义、发生的基本条件、判据、影响因素和不稳定性,5种典型的前端聚合反应,前端聚合体系中常用的单体,前端聚合法制备的聚合物基杂化材料等。
●
相关链接 在E读中查询图书 在五车中查询图书 在当当中查询图书 在豆瓣中查询图书


正题名:前端聚合     索取号:TQ31/10         预约/预借

序号 登录号 条形码 馆藏地/架位号 状态 备注
1 846902   208469021   第二样本阅览室/ [索取号:TQ31/10] 在馆    
2 846903   208469030   密集书库-化学系/ [索取号:TQ31/10] 在馆    
3 846904   208469049   第三借阅区/ [索取号:TQ31/10] 在馆    
唐山师范学院图书馆 欢迎您!
大连网信软件有限公司© 版权所有